Energy Drinks by Clue 🔋 - Statistics

General Stats
  • This quiz has been taken 747 times
    118 since last reset
  • The average score is 5 of 12
Answer Stats
Debut Hint Drink % Correct
1987 Market leader, Austrian, "Gives you wings" Red Bull
100%
2002 Second highest market share, 34 varieties, extreme sports Monster
94%
2022 Promoted by YouTubers Logan Paul and KSI Prime
60%
2004 "Live fit", vitamin-infused, "Burns body fat", slim cans Celsius
41%
2001 PepsiCo, star logo, Recovery line, lower-priced Rockstar
41%
2004 Energy shot (57ml), non-refrigerated, tyrosine 5-hour Energy
35%
2012 Sugar-free, 300mg caffeine, super creatine, 40+ flavors Bang
34%
2014 Official energy drink of WWE; explosive name C4
29%
2019 "Total Body Fuel", crown logo Reign
26%
2005 With CMPLX6, "Nitrous-infused", only 4 flavors NOS
24%
1927 Originally sold in pharmacies, British, made by Suntory Lucozade
11%
2004 Owned by Monster, formerly Coca-Cola, hot rod sponsor Full Throttle
5%
No matching quizzes found
Score Distribution
Percent of People with Each Score
Percentile by Number Answered
Your Score History
You have not taken this quiz since the last reset